| 000 | 00506nam a22001457a 4500 | ||
|---|---|---|---|
| 003 | ASAB | ||
| 005 | 20180827062831.0 | ||
| 008 | 180509t xxu||||| |||| 00| 0 eng d | ||
| 040 | _cASAB | ||
| 100 |
_aFariha Kanwal-sup-Dr. Najam-us-sahar Zaidi _93815 |
||
| 245 |
_aTH-MS-Evalution of human Interleukin-6 expression from Dengue Patients and cloning of its gene _cFariha Kanwal-sup-Dr. Najam-us-sahar Zaidi |
||
| 260 |
_aIslamabad _bASAB (NCVI) NUST _c2011 |
||
| 300 |
_axix, 109 P _b30 cm |
||
| 942 |
_2ddc _cTH |
||
| 999 |
_c480807 _d480807 |
||